[Event "Kragero Resort Chess A 2019"]
[Site "Kragero"]
[Date "2019.02.21"]
[Round "3.11"]
[White "Gharibyan, Mamikon"]
[Black "Hauge, Lars Oskar"]
[Result "0-1"]
[WhiteElo "2318"]
[BlackElo "2476"]
[Annotator "RC"]
[PlyCount "76"]
[EventDate "2019.02.20"]
[EventType "swiss"]
[EventCountry "NOR"]
[SourceTitle "playchess.com"]
[Source "ChessBase"]
[SourceQuality "1"]
[TimeControl "5400+30"]

1. Nf3 {[%emt 0:00:13]} e6 {[%emt 0:00:00]} 2. c4 {[%emt 0:00:33]} f5 {[%emt 0:01:22]} 3. g3 {[%emt 0:01:33]} Nf6 {[%emt 0:00:06]} 4. Bg2 {[%emt 0:00:18]} d5 {[%emt 0:02:47]} 5. O-O {[%emt 0:01:27]} Bd6 {[%emt 0:00:42]} 6. Nc3 {[%emt 0:04:10]} O-O {[%emt 0:01:40]} 7. Qc2 {[%emt 0:01:04]} c6 {[%emt 0:03:58]} 8. d3 {[%emt 0:01:58]} Bc7 {[%emt 0:15:05]} 9. d4 {[%emt 0:08:28]} Qe7 {[%emt 0:04:16]} 10. Ne5 {[%emt 0:05:26]} Bxe5 {[%emt 0:03:55]} 11. dxe5 {[%emt 0:00:11]} Ng4 {[%emt 0:00:09]} 12. cxd5 {[%emt 0:02:09]} exd5 {[%emt 0:00:46]} 13. f4 {[%emt 0:01:08]} Qc5+ {[%emt 0:06:41]} 14. e3 {[%emt 0:01:27]} Nxe3 {[%emt 0:01:44]} 15. Qf2 {[%emt 0:00:42]} d4 {[%emt 0:00:08]} 16. Bxe3 {[%emt 0:01:06]} dxe3 {[%emt 0:00:26]} 17. Qe2 {[%emt 0:00:24]} Be6 {[%emt 0:02:22]} 18. Rfe1 {[%emt 0:03:19]} Na6 {[%emt 0:00:20]} 19. Rac1 {[%emt 0:05:56]} Qb6 {[%emt 0:04:07]} 20. Na4 {[%emt 0:05:43]} Qb4 {[%emt 0:00:43]} 21. b3 {[%emt 0:02:42]} Rfd8 {[%emt 0:01:23]} 22. Qxe3 {[%emt 0:01:15]} Qd2 {[%emt 0:01:41]} 23. Nc3 {[%emt 0:19:07]} Nb4 {[%emt 0:02:22]} 24. Re2 {[%emt 0:09:15]} Qxe3+ {[%emt 0:00:17]} 25. Rxe3 {[%emt 0:00:03]} Rd2 {[%emt 0:01:00]} 26. Na4 {[%emt 0:09:35]} Nxa2 {[%emt 0:01:43]} 27. Rce1 {[%emt 0:01:10]} b6 {[%emt 0:02:00]} 28. Ra1 {[%emt 0:05:36]} Rad8 {[%emt 0:02:20]} 29. g4 {[%emt 0:03:45]} fxg4 {[%emt 0:03:52]} 30. f5 {[%emt 0:00:41]} Bxf5 {[%emt 0:00:08]} 31. Bxc6 {[%emt 0:00:24]} Nb4 {[%emt 0:00:58]} 32. Be4 {[%emt 0:00:06]} Nc2 {[%emt 0:07:58]} 33. Bxc2 {[%emt 0:01:25]} Rxc2 {[%emt 0:00:12]} 34. Nc3 {[%emt 0:00:50]} Rdd2 {[%emt 0:01:52]} 35. Nb5 {[%emt 0:00:51]} Rg2+ {[%emt 0:00:24]} 36. Kf1 {[%emt 0:00:06]} Rxh2 {[%emt 0:00:09]} 37. Kg1 {[%emt 0:00:07]} Rhg2+ {[%emt 0:01:06]} 38. Kf1 {[%emt 0:00:39]} g3 {[%emt 0:00:18]} 0-1

[Event "Kragero Resort Chess A 2019"]
[Site "Kragero"]
[Date "2019.02.21"]
[Round "3.12"]
[White "Malakhatko, Vadim"]
[Black "Vitenberg, Noam Aviv"]
[Result "1/2-1/2"]
[WhiteElo "2525"]
[BlackElo "2180"]
[Annotator "TA"]
[PlyCount "115"]
[EventDate "2019.02.20"]
[EventType "swiss"]
[EventCountry "NOR"]
[SourceTitle "playchess.com"]
[Source "ChessBase"]
[SourceQuality "1"]

{[%evp 11,115,0,0,0,0,4,0,-14,-11,-33,-20,-7,7,0,0,-6,25,24,16,0,0,-12,-9,-15,-21,-21,-7,-48,-44,-54,-4,-73,0,-66,-58,-110,-90,-167,-191,-227,-235,-227,-241,-369,-200,-198,-75,-68,-60,-183,-195,-206,-195,-620,-623,-609,-614,-561,-433,-439,-425,-491,-497,-491,-202,-196,-176,-208,-207,-215,-196,-181,-176,-185,-179,-176,-129,-122,-122,-126,-43,-43,-43,-43,-43,-44,-43,-54,-44,-44,28,28,267,0,0,0,0,0,0,0,0,0,0,0,0,0]} 1. c4 e6 2. g3 d5 3. Nf3 dxc4 4. Qa4+ Nd7 5. Qxc4 a6 6. Bg2 b5 7. Qb3 {A13: English Opening: 1...e6} (7. Qc2 Bb7 8. O-O Ngf6 9. d3 c5 10. e4 Be7 11. Nc3 Rc8 12. a4 b4 13. Nd1 c4 14. dxc4 Bxe4 15. Qe2 O-O 16. Ne3 Nc5 17. Rd1 Qc7 {½-½ (56) Ding,L (2766)-Fressinet,L (2700) Huaian 2016}) 7... Bb7 8. O-O Ngf6 9. d3 Be7 10. Bd2 O-O 11. Ba5 Qc8 $146 ({Predecessor:} 11... Qb8 12. Nbd2 Rc8 13. Rfc1 c5 {½-½ (80) Artemiev,V (2499)-Pakhomov,E (2454) Loo 2013}) 12. Rc1 c5 13. Qd1 Bc6 14. Nbd2 Qb7 15. Nb3 Rac8 16. Bd2 Qb8 17. Na5 Ba8 18. a3 Bd8 19. Qe1 Bb6 20. Bf4 Bc7 21. Bd2 (21. Bxc7 $11 {remains equal.} Rxc7 22. a4) 21... Bb6 ({Black should try} 21... e5 $17) 22. b3 (22. Bf4 $11 Bc7 23. Bxc7 Rxc7 24. a4) 22... e5 23. Bh3 (23. a4 $15) 23... Rcd8 $17 24. b4 (24. a4 $17 {keeps fighting.}) 24... e4 $19 25. Bf4 Qa7 $1 26. dxe4 Nxe4 27. bxc5 (27. Be3 $142) 27... Bxc5 (27... Ndxc5 $142 28. Be3 Rfe8) 28. e3 {[#]} Nxg3 $1 {[%mdl 512]} 29. hxg3 $17 {aiming for Nd4.} (29. fxg3 Bxf3) 29... Bxf3 30. Qc3 (30. Nb3 $15) 30... Nf6 $19 31. Nb3 ({Don't blunder} 31. Qxc5 $2 Rd1+ $1 {[%mdl 512]} 32. Bf1 Qxc5 $19) 31... Bb6 32. Be5 $2 (32. Bc7 Ne4 33. Bxb6 Qxb6 34. Qe5) 32... Ne4 33. Qb2 {[#]} Bxe3 $1 {[%mdl 512]} 34. Rc2 (34. fxe3 Qxe3+) 34... Bh6 35. Nd4 Ng5 36. Nxf3 Nxf3+ (36... Nxh3+ $2 37. Kh2 $19) 37. Kh1 Nxe5 (37... Rfe8 $142 38. Bc3 Qb7) 38. Qxe5 Rfe8 39. Qc3 g6 40. Re1 Bg7 41. Rxe8+ Rxe8 42. Qc6 Rd8 43. Bc8 Qe7 44. Bxa6 Rd1+ 45. Kh2 Qxa3 (45... Qg5 $17 46. Bc8 Be5) 46. Bxb5 $15 Qe7 47. Re2 Qg5 48. Re8+ Bf8 {( -> ...Qh6+)} 49. Re4 Rc1 50. Bc4 $1 Qh5+ ({Reject} 50... Qf5 $6 51. Rf4 $16) ({Black should play} 50... Kg7 $15 51. Qb7 Qh6+ 52. Rh4 Qxh4+ 53. gxh4 Rxc4) 51. Rh4 $11 Qd1 $2 {[#]} (51... Qf5 $11 {and Black has nothing to worry.} 52. Bxf7+ {[%mdl 64] Discovered Attack} Qxf7 53. Qxc1 Qxf2+ 54. Kh3 Qf5+ 55. Kg2 Qd5+ 56. Kh2 Qa2+ 57. Kg1 Qa7+ 58. Kg2 Qa8+ 59. Kh3 h5 60. Qc4+ Kg7) 52. Rf4 $2 ({White must play} 52. Bxf7+ $1 $18 {[%mdl 512]} Kxf7 53. Rf4+ (53. Rxh7+ Bg7 $11) 53... Ke7 54. Qf6+ {[%mdl 64] Double Attack} Kd7 55. Rd4+ Qxd4 56. Qxd4+ Bd6 57. Qg7+ Kc6 58. Qxh7) 52... Qg1+ {The position is equal.} 53. Kh3 {[#]} Qf1+ $1 {[%mdl 512]} 54. Qg2 (54. Bxf1 Rxc6) 54... Qxg2+ 55. Kxg2 Bd6 56. Bxf7+ Kg7 57. Rf3 Rc7 58. Bd5 {Accuracy: White = 48%, Black = 50%.} 1/2-1/2

[Event "Kragero Resort Chess A 2019"]
[Site "Kragero"]
[Date "2019.02.21"]
[Round "3.13"]
[White "Bergsson, Stefan"]
[Black "Thorfinnsson, Bragi"]
[Result "1/2-1/2"]
[WhiteElo "2172"]
[BlackElo "2438"]
[Annotator "NA"]
[PlyCount "20"]
[EventDate "2019.02.20"]
[EventType "swiss"]
[EventCountry "NOR"]
[SourceTitle "playchess.com"]
[Source "ChessBase"]
[SourceQuality "1"]
[TimeControl "5400+30"]

1. e4 {[%emt 0:01:24]} e5 {[%emt 0:00:00]} 2. Nf3 {[%emt 0:00:46]} Nc6 {[%emt 0:00:00]} 3. Nc3 {[%emt 0:01:18]} Nf6 {[%emt 0:00:10]} 4. d4 {[%emt 0:00:50]} exd4 {[%emt 0:00:23]} 5. Nxd4 {[%emt 0:00:03]} Bb4 {[%emt 0:00:25]} 6. Nxc6 {[%emt 0:00:51]} bxc6 {[%emt 0:00:08]} 7. Bd3 {[%emt 0:00:17]} O-O {[%emt 0:01:32]} 8. O-O {[%emt 0:00:29]} d5 {[%emt 0:00:18]} 9. exd5 {[%emt 0:00:17]} cxd5 {[%emt 0:00:09]} 10. Bg5 {[%emt 0:01:08]} c6 {[%emt 0:00:29]} 1/2-1/2

[Event "Kragero Resort Chess A 2019"]
[Site "Kragero"]
[Date "2019.02.21"]
[Round "3.14"]
[White "Osmak, Iulija"]
[Black "Kizatbay, Abyl"]
[Result "1-0"]
[WhiteElo "2394"]
[BlackElo "2084"]
[Annotator "NA"]
[PlyCount "65"]
[EventDate "2019.02.20"]
[EventType "swiss"]
[EventCountry "NOR"]
[SourceTitle "playchess.com"]
[Source "ChessBase"]
[SourceQuality "1"]
[TimeControl "5400+30"]

1. d4 {[%emt 0:01:05]} Nf6 {[%emt 0:00:00]} 2. Bf4 {[%emt 0:00:19]} g6 {[%emt 0:00:13]} 3. Nc3 {[%emt 0:00:08]} d5 {[%emt 0:00:05]} 4. e3 {[%emt 0:00:07]} Bg7 {[%emt 0:00:17]} 5. h4 {[%emt 0:00:07]} c6 {[%emt 0:01:59]} 6. Be2 {[%emt 0:00:25]} h5 {[%emt 0:00:16]} 7. Nf3 {[%emt 0:00:22]} Bg4 {[%emt 0:01:04]} 8. Ne5 {[%emt 0:02:19]} Bxe2 {[%emt 0:01:47]} 9. Qxe2 {[%emt 0:00:13]} Nbd7 {[%emt 0:06:07]} 10. f3 {[%emt 0:05:33]} Nxe5 {[%emt 0:05:52]} 11. Bxe5 {[%emt 0:01:38]} Qb6 {[%emt 0:00:55]} 12. O-O-O {[%emt 0:01:00]} O-O-O {[%emt 0:06:27]} 13. e4 {[%emt 0:03:58]} Rhg8 {[%emt 0:09:01]} 14. exd5 {[%emt 0:08:02]} Bh6+ {[%emt 0:05:30]} 15. Kb1 {[%emt 0:00:37]} Nxd5 {[%emt 0:03:00]} 16. Nxd5 {[%emt 0:02:42]} Rxd5 {[%emt 0:04:37]} 17. Bh2 {[%emt 0:02:33]} Bg7 {[%emt 0:12:51]} 18. c3 {[%emt 0:07:07]} Bf6 {[%emt 0:01:24]} 19. Qe4 {[%emt 0:02:44]} Rgd8 {[%emt 0:01:40]} 20. Qf4 {[%emt 0:07:23]} a5 {[%emt 0:04:56]} 21. Ka1 {[%emt 0:12:04]} a4 {[%emt 0:02:04]} 22. Rb1 {[%emt 0:04:48]} Rf5 {[%emt 0:07:54]} 23. Qe4 {[%emt 0:04:53]} Qa5 {[%emt 0:10:10]} 24. g4 {[%emt 0:02:37]} hxg4 {[%emt 0:02:44]} 25. fxg4 {[%emt 0:00:06]} Rb5 {[%emt 0:03:16]} 26. g5 {[%emt 0:00:54]} Bh8 {[%emt 0:00:02]} 27. Qxe7 {[%emt 0:01:14]} c5 {[%emt 0:01:30]} 28. Qxf7 {[%emt 0:04:24]} a3 {[%emt 0:00:10]} 29. Qe6+ {[%emt 0:01:09]} Rd7 {[%emt 0:00:44]} 30. Rhf1 {[%emt 0:00:34]} Qd8 {[%emt 0:03:40]} 31. bxa3 {[%emt 0:08:48]} Rxb1+ {[%emt 0:01:21]} 32. Kxb1 {[%emt 0:00:13]} Qb6+ {[%emt 0:03:34]} 33. Qxb6 {[%emt 0:00:07]} 1-0

[Event "Kragero Resort Chess A 2019"]
[Site "Kragero"]
[Date "2019.02.21"]
[Round "3.15"]
[White "Abdrlauf, Elham"]
[Black "Heimisson, Hilmir Freyr"]
[Result "1-0"]
[WhiteElo "2105"]
[BlackElo "2394"]
[Annotator "NA"]
[PlyCount "145"]
[EventDate "2019.02.20"]
[EventType "swiss"]
[EventCountry "NOR"]
[SourceTitle "playchess.com"]
[Source "ChessBase"]
[SourceQuality "1"]
[TimeControl "5400+30"]

1. e4 {[%emt 0:00:00]} c5 {[%emt 0:00:00]} 2. Nf3 {[%emt 0:00:00]} d6 {[%emt 0:00:00]} 3. d4 {[%emt 0:00:21]} cxd4 {[%emt 0:00:00]} 4. Nxd4 {[%emt 0:00:07]} Nf6 {[%emt 0:00:00]} 5. Nc3 {[%emt 0:00:08]} a6 {[%emt 0:00:00]} 6. h3 {[%emt 0:00:21]} e5 {[%emt 0:00:00]} 7. Nb3 {[%emt 0:00:01]} h5 {[%emt 0:00:02]} 8. f4 {[%emt 0:06:12]} Nbd7 {[%emt 0:04:54]} 9. Be2 {[%emt 0:07:34]} Be7 {[%emt 0:01:31]} 10. O-O {[%emt 0:01:14]} Qc7 {[%emt 0:01:30]} 11. Nd5 {[%emt 0:04:36]} Nxd5 {[%emt 0:00:28]} 12. exd5 {[%emt 0:00:02]} h4 {[%emt 0:11:49]} 13. c4 {[%emt 0:03:07]} Bf6 {[%emt 0:04:22]} 14. Be3 {[%emt 0:02:28]} b6 {[%emt 0:10:14]} 15. fxe5 {[%emt 0:03:31]} Nxe5 {[%emt 0:01:25]} 16. Nd4 {[%emt 0:01:42]} Bd7 {[%emt 0:07:23]} 17. Rc1 {[%emt 0:01:19]} O-O {[%emt 0:05:32]} 18. Rxf6 {[%emt 0:08:25]} gxf6 {[%emt 0:00:02]} 19. Qe1 {[%emt 0:00:02]} Ng6 {[%emt 0:02:32]} 20. Qf2 {[%emt 0:00:08]} Rfe8 {[%emt 0:03:05]} 21. Nf3 {[%emt 0:06:06]} Rxe3 {[%emt 0:03:42]} 22. Qxe3 {[%emt 0:00:33]} Re8 {[%emt 0:00:01]} 23. Qf2 {[%emt 0:00:33]} Qc5 {[%emt 0:00:11]} 24. Bf1 {[%emt 0:10:00]} f5 {[%emt 0:21:58]} 25. Rc2 {[%emt 0:03:21]} Kg7 {[%emt 0:00:41]} 26. b4 {[%emt 0:00:44]} Qxf2+ {[%emt 0:02:32]} 27. Kxf2 {[%emt 0:00:13]} Rc8 {[%emt 0:02:56]} 28. c5 {[%emt 0:05:37]} dxc5 {[%emt 0:01:22]} 29. Bxa6 {[%emt 0:01:01]} Ra8 {[%emt 0:01:28]} 30. Bb7 {[%emt 0:00:23]} Ra7 {[%emt 0:02:35]} 31. bxc5 {[%emt 0:00:19]} bxc5 {[%emt 0:00:23]} 32. Bc6 {[%emt 0:00:15]} Nf4 {[%emt 0:07:18]} 33. Nxh4 {[%emt 0:01:31]} Kf6 {[%emt 0:01:04]} 34. Kg3 {[%emt 0:03:08]} Bxc6 {[%emt 0:01:44]} 35. dxc6 {[%emt 0:00:25]} Ne6 {[%emt 0:00:04]} 36. Rf2 {[%emt 0:01:13]} f4+ {[%emt 0:00:37]} 37. Kh2 {[%emt 0:00:16]} Rc7 {[%emt 0:00:34]} 38. g3 {[%emt 0:00:04]} Rxc6 {[%emt 0:00:14]} 39. Ng2 {[%emt 0:00:29]} Ke5 {[%emt 0:03:41]} 40. Nxf4 {[%emt 0:00:25]} c4 {[%emt 0:00:38]} 41. Ne2 {[%emt 0:00:42]} f5 {[%emt 0:00:53]} 42. h4 {[%emt 0:01:09]} c3 {[%emt 0:00:35]} 43. Nc1 {[%emt 0:00:47]} Nd4 {[%emt 0:00:38]} 44. a4 {[%emt 0:00:56]} Ke4 {[%emt 0:00:25]} 45. Ra2 {[%emt 0:00:25]} Ke3 {[%emt 0:00:35]} 46. a5 {[%emt 0:00:57]} c2 {[%emt 0:00:35]} 47. a6 {[%emt 0:00:35]} Rc8 {[%emt 0:00:13]} 48. a7 {[%emt 0:07:34]} Ra8 {[%emt 0:00:03]} 49. h5 {[%emt 0:00:07]} Kd2 {[%emt 0:00:22]} 50. Ra1 {[%emt 0:00:01]} Kc3 {[%emt 0:01:19]} 51. Ra6 {[%emt 0:02:24]} Kd2 {[%emt 0:00:31]} 52. Na2 {[%emt 0:00:11]} c1=Q {[%emt 0:00:42]} 53. Nxc1 {[%emt 0:00:06]} Kxc1 {[%emt 0:00:00]} 54. h6 {[%emt 0:00:20]} Kd2 {[%emt 0:00:53]} 55. h7 {[%emt 0:01:01]} Nf3+ {[%emt 0:00:34]} 56. Kg2 {[%emt 0:00:04]} Ng5 {[%emt 0:00:01]} 57. h8=Q {[%emt 0:00:14]} Rxh8 {[%emt 0:00:05]} 58. a8=Q {[%emt 0:00:14]} Rxa8 {[%emt 0:00:04]} 59. Rxa8 {[%emt 0:00:07]} Ke3 {[%emt 0:00:34]} 60. Re8+ {[%emt 0:00:02]} Kd4 {[%emt 0:01:26]} 61. Kf2 {[%emt 0:00:04]} Kd5 {[%emt 0:00:40]} 62. Ke3 {[%emt 0:00:14]} Ne6 {[%emt 0:00:08]} 63. Ra8 {[%emt 0:00:12]} Ke5 {[%emt 0:00:23]} 64. Ra5+ {[%emt 0:00:02]} Kf6 {[%emt 0:00:10]} 65. Kf3 {[%emt 0:00:34]} Nd4+ {[%emt 0:00:23]} 66. Kg2 {[%emt 0:00:16]} Kg5 {[%emt 0:01:25]} 67. Kh3 {[%emt 0:00:28]} Kg6 {[%emt 0:00:02]} 68. Rd5 {[%emt 0:00:21]} Ne6 {[%emt 0:00:57]} 69. Kh4 {[%emt 0:00:21]} f4 {[%emt 0:00:39]} 70. g4 {[%emt 0:00:38]} Kf6 {[%emt 0:00:39]} 71. Ra5 {[%emt 0:00:23]} Kg6 {[%emt 0:00:17]} 72. Rf5 {[%emt 0:00:02]} Kg7 {[%emt 0:00:36]} 73. Kh5 {[%emt 0:00:02]} 1-0

[Event "Kragero Resort Chess A 2019"]
[Site "Kragero"]
[Date "2019.02.21"]
[Round "3.16"]
[White "Saltvedt, Martin"]
[Black "Mihajlov, Sebastian"]
[Result "0-1"]
[WhiteElo "2095"]
[BlackElo "2357"]
[Annotator "NA"]
[PlyCount "80"]
[EventDate "2019.02.20"]
[EventType "swiss"]
[EventCountry "NOR"]
[SourceTitle "playchess.com"]
[Source "ChessBase"]
[SourceQuality "1"]
[TimeControl "5400+30"]

1. d4 {[%emt 0:00:00]} Nf6 {[%emt 0:00:00]} 2. Bf4 {[%emt 0:01:43]} g6 {[%emt 0:00:00]} 3. e3 {[%emt 0:00:18]} Bg7 {[%emt 0:00:00]} 4. c4 {[%emt 0:01:08]} O-O {[%emt 0:00:00]} 5. Nc3 {[%emt 0:00:15]} d6 {[%emt 0:00:01]} 6. Nf3 {[%emt 0:00:25]} Nc6 {[%emt 0:00:31]} 7. Be2 {[%emt 0:01:12]} Qe8 {[%emt 0:00:48]} 8. Nb5 {[%emt 0:03:41]} e5 {[%emt 0:03:56]} 9. dxe5 {[%emt 0:03:31]} dxe5 {[%emt 0:00:01]} 10. Bg3 {[%emt 0:00:14]} Qe7 {[%emt 0:00:08]} 11. O-O {[%emt 0:00:50]} Rd8 {[%emt 0:00:27]} 12. Qb3 {[%emt 0:01:34]} Ne4 {[%emt 0:00:33]} 13. Rfd1 {[%emt 0:01:24]} Be6 {[%emt 0:01:55]} 14. a3 {[%emt 0:04:17]} a6 {[%emt 0:01:08]} 15. Nc3 {[%emt 0:00:14]} Na5 {[%emt 0:01:51]} 16. Qc2 {[%emt 0:01:56]} Nxg3 {[%emt 0:00:20]} 17. hxg3 {[%emt 0:00:18]} Nxc4 {[%emt 0:00:14]} 18. Rxd8+ {[%emt 0:14:50]} Rxd8 {[%emt 0:00:12]} 19. Bxc4 {[%emt 0:01:42]} Bxc4 {[%emt 0:00:07]} 20. Qe4 {[%emt 0:00:15]} b5 {[%emt 0:00:27]} 21. a4 {[%emt 0:10:53]} Bd3 {[%emt 0:05:03]} 22. Qb7 {[%emt 0:04:23]} e4 {[%emt 0:02:49]} 23. axb5 {[%emt 0:05:31]} axb5 {[%emt 0:00:32]} 24. Nd4 {[%emt 0:03:14]} Bxd4 {[%emt 0:00:31]} 25. exd4 {[%emt 0:00:11]} e3 {[%emt 0:01:34]} 26. fxe3 {[%emt 0:17:07]} Qxe3+ {[%emt 0:02:17]} 27. Kh2 {[%emt 0:00:07]} Qxd4 {[%emt 0:03:10]} 28. Qxc7 {[%emt 0:02:43]} b4 {[%emt 0:05:58]} 29. Ra7 {[%emt 0:02:07]} Qf6 {[%emt 0:00:09]} 30. Nd1 {[%emt 0:03:42]} Rd5 {[%emt 0:02:14]} 31. Ne3 {[%emt 0:02:00]} Rh5+ {[%emt 0:06:47]} 32. Kg1 {[%emt 0:00:09]} Kg7 {[%emt 0:00:07]} 33. Qd7 {[%emt 0:03:07]} Re5 {[%emt 0:05:07]} 34. Qd4 {[%emt 0:03:28]} b3 {[%emt 0:10:05]} 35. Rb7 {[%emt 0:02:03]} Bc2 {[%emt 0:00:15]} 36. Qa7 {[%emt 0:06:49]} Re8 {[%emt 0:01:30]} 37. Nc4 {[%emt 0:00:37]} Re1+ {[%emt 0:00:24]} 38. Kh2 {[%emt 0:00:01]} Be4 {[%emt 0:00:09]} 39. Rxb3 {[%emt 0:00:56]} Bxg2 {[%emt 0:02:20]} 40. Kxg2 {[%emt 0:00:33]} Qf1+ {[%emt 0:00:05]} 0-1

[Event "Kragero Resort Chess A 2019"]
[Site "Kragero"]
[Date "2019.02.21"]
[Round "3.17"]
[White "Birkisson, Bjorn Holm"]
[Black "Doluhanova, Evgeniya"]
[Result "1/2-1/2"]
[WhiteElo "2078"]
[BlackElo "2348"]
[Annotator "NA"]
[PlyCount "44"]
[EventDate "2019.02.20"]
[EventType "swiss"]
[EventCountry "NOR"]
[SourceTitle "playchess.com"]
[Source "ChessBase"]
[SourceQuality "1"]
[TimeControl "5400+30"]

1. e4 {[%emt 0:00:28]} c5 {[%emt 0:01:16]} 2. Nf3 {[%emt 0:01:34]} d6 {[%emt 0:00:26]} 3. Bd3 {[%emt 0:02:39]} Nc6 {[%emt 0:00:36]} 4. c3 {[%emt 0:00:05]} g6 {[%emt 0:00:23]} 5. O-O {[%emt 0:00:20]} Bg7 {[%emt 0:00:06]} 6. Re1 {[%emt 0:01:17]} Nf6 {[%emt 0:01:35]} 7. Bf1 {[%emt 0:06:21]} O-O {[%emt 0:00:21]} 8. d4 {[%emt 0:01:02]} cxd4 {[%emt 0:00:53]} 9. cxd4 {[%emt 0:00:30]} Bg4 {[%emt 0:00:10]} 10. Nc3 {[%emt 0:09:00]} Bxf3 {[%emt 0:03:59]} 11. gxf3 {[%emt 0:00:11]} Nh5 {[%emt 0:00:51]} 12. d5 {[%emt 0:01:23]} Nb8 {[%emt 0:05:59]} 13. f4 {[%emt 0:02:58]} f5 {[%emt 0:04:38]} 14. e5 {[%emt 0:01:26]} Nd7 {[%emt 0:02:39]} 15. Be2 {[%emt 0:06:11]} dxe5 {[%emt 0:00:37]} 16. Bxh5 {[%emt 0:01:44]} gxh5 {[%emt 0:00:08]} 17. fxe5 {[%emt 0:00:58]} Nxe5 {[%emt 0:01:08]} 18. Qxh5 {[%emt 0:03:37]} Rf6 {[%emt 0:00:49]} 19. Kh1 {[%emt 0:01:41]} Nd3 {[%emt 0:02:39]} 20. Re2 {[%emt 0:01:07]} Nxc1 {[%emt 0:07:22]} 21. Rxc1 {[%emt 0:00:43]} Qd6 {[%emt 0:00:31]} 22. Qf3 {[%emt 0:03:27]} Rd8 {[%emt 0:56:44]} 1/2-1/2

[Event "Kragero Resort Chess A 2019"]
[Site "Kragero"]
[Date "2019.02.21"]
[Round "3.18"]
[White "Kvaloy, Aksel Bu"]
[Black "Vestby-Ellingsen, Mads"]
[Result "0-1"]
[WhiteElo "2066"]
[BlackElo "2343"]
[Annotator "NA"]
[PlyCount "86"]
[EventDate "2019.02.20"]
[EventType "swiss"]
[EventCountry "NOR"]
[SourceTitle "playchess.com"]
[Source "ChessBase"]
[SourceQuality "1"]
[TimeControl "5400+30"]

1. c4 {[%emt 0:00:00]} c5 {[%emt 0:00:34]} 2. Nc3 {[%emt 0:00:53]} Nc6 {[%emt 0:00:16]} 3. Nf3 {[%emt 0:00:22]} g6 {[%emt 0:00:39]} 4. e3 {[%emt 0:00:34]} d6 {[%emt 0:07:24]} 5. d4 {[%emt 0:03:12]} Bg7 {[%emt 0:00:44]} 6. d5 {[%emt 0:02:04]} Ne5 {[%emt 0:01:06]} 7. Nxe5 {[%emt 0:00:42]} Bxe5 {[%emt 0:00:17]} 8. Qc2 {[%emt 0:00:59]} Bg7 {[%emt 0:01:10]} 9. Be2 {[%emt 0:01:41]} Nf6 {[%emt 0:02:21]} 10. O-O {[%emt 0:01:33]} O-O {[%emt 0:00:18]} 11. e4 {[%emt 0:07:00]} e6 {[%emt 0:01:02]} 12. dxe6 {[%emt 0:04:57]} fxe6 {[%emt 0:03:00]} 13. Bg5 {[%emt 0:01:56]} a6 {[%emt 0:06:17]} 14. Rad1 {[%emt 0:03:42]} Qc7 {[%emt 0:00:47]} 15. Qd2 {[%emt 0:01:47]} Ne8 {[%emt 0:01:12]} 16. h4 {[%emt 0:02:33]} Qf7 {[%emt 0:06:35]} 17. h5 {[%emt 0:16:44]} gxh5 {[%emt 0:01:25]} 18. Bh6 {[%emt 0:01:17]} Bd7 {[%emt 0:11:38]} 19. Bxg7 {[%emt 0:07:27]} Kxg7 {[%emt 0:06:42]} 20. Qg5+ {[%emt 0:05:41]} Qg6 {[%emt 0:00:20]} 21. Qh4 {[%emt 0:01:26]} Qf6 {[%emt 0:15:30]} 22. Qxf6+ {[%emt 0:02:17]} Kxf6 {[%emt 0:00:25]} 23. Bxh5 {[%emt 0:00:13]} Ke7 {[%emt 0:00:17]} 24. Bxe8 {[%emt 0:01:35]} Raxe8 {[%emt 0:00:58]} 25. Rd3 {[%emt 0:05:11]} Bc6 {[%emt 0:02:07]} 26. Rfd1 {[%emt 0:00:45]} Rd8 {[%emt 0:00:13]} 27. Rh3 {[%emt 0:00:22]} Rf7 {[%emt 0:00:30]} 28. f3 {[%emt 0:00:38]} b5 {[%emt 0:01:40]} 29. e5 {[%emt 0:03:49]} bxc4 {[%emt 0:04:56]} 30. exd6+ {[%emt 0:00:08]} Rxd6 {[%emt 0:00:18]} 31. Rxd6 {[%emt 0:00:08]} Kxd6 {[%emt 0:00:14]} 32. Kf2 {[%emt 0:02:51]} Rb7 {[%emt 0:00:30]} 33. Nd1 {[%emt 0:03:25]} Ba4 {[%emt 0:00:52]} 34. Rh1 {[%emt 0:00:12]} Kc6 {[%emt 0:01:24]} 35. Nc3 {[%emt 0:00:29]} Rxb2+ {[%emt 0:00:26]} 36. Kg3 {[%emt 0:00:49]} Bc2 {[%emt 0:01:12]} 37. Kf4 {[%emt 0:04:05]} Bd3 {[%emt 0:02:48]} 38. g4 {[%emt 0:02:50]} Rc2 {[%emt 0:01:23]} 39. Nd1 {[%emt 0:00:25]} Rxa2 {[%emt 0:01:40]} 40. Re1 {[%emt 0:00:53]} Ra1 {[%emt 0:01:31]} 41. Rxe6+ {[%emt 0:01:39]} Kd7 {[%emt 0:00:10]} 42. Re1 {[%emt 0:00:18]} c3 {[%emt 0:01:02]} 43. Ke3 {[%emt 0:00:28]} c2 {[%emt 0:00:18] Kd4 [%emt 00:00:16]} 0-1